England Cricket World Cup Squad 2019 - Statistics

General Stats
  • This quiz has been taken 458 times
  • The average score is 13 of 15
Answer Stats
Role Answer % Correct
All Rounder Ben Stokes
98%
Batsman Joe Root
97%
Wicket Keeper Jos Buttler
97%
Captain Eoin Morgan
95%
Batsman Jonny Bairstow
95%
Bowler Jofra Archer
93%
Batsman Jason Roy
92%
All Rounder Moeen Ali
92%
Bowler Adil Rashid
90%
Bowler Mark Wood
86%
Bowler Chris Woakes
85%
Bowler Liam Plunkett
74%
All Rounder Tom Curran
64%
Batsman James Vince
59%
All Rounder Liam Dawson
36%
No matching quizzes found
Score Distribution
Percent of People with Each Score
Percentile by Number Answered
Your Score History
You have not taken this quiz